Normal view MARC view

Entry Personal Name

Number of records used in: 1

001 - CONTROL NUMBER

  • control field: 1238306

003 - CONTROL NUMBER IDENTIFIER

  • control field: OSt

005 - DATE AND TIME OF LATEST TRANSACTION

  • control field: 20260430150725.0

008 - FIXED-LENGTH DATA ELEMENTS

  • fixed length control field: 260430|| aca||aabn | a|a d

040 ## - CATALOGING SOURCE

  • Original cataloging agency: OSt
  • Transcribing agency: OSt

100 ## - HEADING--PERSONAL NAME

  • Personal name: Samiuddin Au.; Imtiyaz Ahmad Gu

670 ## - SOURCE DATA FOUND

  • Source citation: Work cat.: (OSt)1850476: Samiuddin Au.; Imtiyaz Ahmad Gu., Qazi Abdus Sattar ke novelon ka tajziyati mutala (Tehzeebi pas manzar mein), 2024
Copyright @ Delhi University Library System